AFL Leigh Matthews Trophy - Statistics

General Stats
  • This quiz has been taken 36 times
    7 since last reset
  • The average score is 29 of 45
Answer Stats
Year Club Answer % Correct
2022 Fremantle Andrew Brayshaw
100%
2017 Richmond Dustin Martin
100%
2020 Brisbane Lachie Neale
100%
2021 Western Bulldogs Marcus Bontempelli
100%
2023 Western Bulldogs Marcus Bontempelli
100%
2024 Western Bulldogs Marcus Bontempelli
100%
2025 Collingwood Nick Daicos
100%
2019 Carlton Patrick Cripps
100%
2018 Hawthorn Tom Mitchell
100%
2005 West Coast Ben Cousins
86%
2006 West Coast Chris Judd
86%
2011 Carlton Chris Judd
86%
2010 Collingwood Dane Swan
86%
2007 Geelong Gary Ablett Jr
86%
2008 Geelong Gary Ablett Jr
86%
2009 Geelong Gary Ablett Jr
86%
2012 Gold Coast Gary Ablett Jr
86%
2013 Gold Coast Gary Ablett Jr
86%
2002 Brisbane Michael Voss
86%
2003 Brisbane Michael Voss
86%
2014 Fremantle Nathan Fyfe
86%
2015 Fremantle Nathan Fyfe
86%
2004 St Kilda Nick Riewoldt
86%
2016 Geelong Patrick Dangerfield
86%
1995 North Melbourne Wayne Carey
86%
1998 North Melbourne Wayne Carey
86%
1993 Geelong Gary Ablett Sr
71%
1999 Hawthorn Shane Crawford
71%
2001 Adelaide Andrew McLeod
57%
1991 Melbourne Jim Stynes
57%
1982 Hawthorn Leigh Matthews
57%
1997 St Kilda Robert Harvey
57%
1992 Hawthorn Jason Dunstall
43%
2002 Western Bulldogs Luke Darcy
43%
1987 St Kilda Tony Lockett
29%
2000 Carlton Anthony Koutoufides
14%
1994 Carlton Greg Williams
14%
1989 Essendon Tim Watson
14%
1996 North Melbourne Corey McKernan
0%
1990 Collingwood Darren Millane
0%
1988 Sydney Gerard Healy
0%
1985 Geelong Greg WIlliams
0%
1986 Fitzroy Paul Roos
0%
1984 Hawthorn Russell Greene
0%
1983 Essendon Terry Daniher
0%
No matching quizzes found
Score Distribution
Percent of People with Each Score
Percentile by Number Answered
Your Score History
You have not taken this quiz since the last reset